00611nam a22001337a 450000500170000000800410001705000330005810000330009124501400012426000340026430000210029850000400031965001180035920250812092829.0250812b |||||||| |||| 00| 0 eng d aTHE QK 867 .K4 M64 2025bC.1 aMoenga, Mercilline Nyamokami aMacro and Micro Element Composition in Indigenous Solanum nigrum and Gynadropsis gynandra From Two Agroecological Zones of Kisii, Kenya aKisiibKisii Universityc2025 axviii, 93p.:ill. aIncludes bibliographical references a1. Solanum nigrum—Kenya. 2. Gynandropsis gynandra—Kenya. 3. Plants—Mineral content. 4. Agroecology—Kenya.